Online
Catalog

La fase oculta de la guerra civil en Costa Rica / (Record no. 18762)

MARC details
000 -CABECERA
campo de control de longitud fija 00869cam a2200253 a 4500
001 - NÚMERO DE CONTROL
campo de control 000019244
005 - FECHA Y HORA DE LA ÚLTIMA TRANSACCIÓN
campo de control 20200929165947.0
008 - DATOS DE LONGITUD FIJA--INFORMACIÓN GENERAL
campo de control de longitud fija 800620s1979 cr ab b f000 0 spa d
020 ## - NÚMERO INTERNACIONAL ESTÁNDAR DEL LIBRO
Número Internacional Estándar del Libro 8483600056
040 ## - FUENTE DE LA CATALOGACIÓN
Centro catalogador/agencia de origen DO-SdBNP
Lengua de catalogación spa
Centro/agencia transcriptor DLC
Centro/agencia modificador BNPHU
082 ## - NÚMERO DE LA CLASIFICACIÓN DECIMAL DEWEY
Número de clasificación 972.86
Número de documento/Ítem S333f
049 ## - FONDOS LOCALES (OCLC)
Fondos de biblioteca BNGR
100 1# - ENTRADA PRINCIPAL--NOMBRE DE PERSONA
Nombre de persona Schifter, Jacobo,
Fechas asociadas al nombre 1952-
9 (RLIN) 41410
245 13 - MENCIÓN DE TÍTULO
Título La fase oculta de la guerra civil en Costa Rica /
Mención de responsabilidad, etc. Jacobo Schifter.
260 ## - PUBLICACIÓN, DISTRIBUCIÓN, ETC.
Lugar de publicación, distribución, etc. Costa Rica :
Nombre del editor, distribuidor, etc. Universitaria Centroamericana (EDUCA),
Fecha de publicación, distribución, etc. 1979.
300 ## - DESCRIPCIÓN FÍSICA
Extensión 158 p. :
Otras características físicas il., mapas ;
Dimensiones 18 cm.
490 1# - MENCIÓN DE SERIE
Mención de serie Seis
504 ## - NOTA DE BIBLIOGRAFÍA, ETC.
Nota de bibliografía, etc. Incluye referencias bibliográficas: p. [153] -156.
651 #4 - PUNTO DE ACCESO ADICIONAL DE MATERIA--NOMBRE GEOGRÁFICO
Nombre geográfico Costa Rica
Subdivisión general Política Y Gobierno
Subdivisión cronológica 1821-1948.
9 (RLIN) 41411
651 #4 - PUNTO DE ACCESO ADICIONAL DE MATERIA--NOMBRE GEOGRÁFICO
Nombre geográfico Costa Rica
Subdivisión general Historia
-- Revolución
Subdivisión cronológica 1948
9 (RLIN) 41412
651 #4 - PUNTO DE ACCESO ADICIONAL DE MATERIA--NOMBRE GEOGRÁFICO
Nombre geográfico Costa Rica
Subdivisión general Historia
9 (RLIN) 9069
830 #0 - PUNTO DE ACCESO ADICIONAL DE SERIE-TÍTULO UNIFORME
Título uniforme Seis
9 (RLIN) 41413
910 ## - DATOS DE OPCIÓN DEL USUARIO (OCLC)
Datos de opción del usuario Catalogación derivada / LC
Holdings
Estado de retiro Estado de pérdida Restricciones de uso No para préstamo Código de colección Localización permanente Ubicación/localización actual Ubicación en estantería Fecha de adquisición Número de inventario Total de préstamos Signatura topográfica completa Código de barras Fecha visto por última vez Precio válido a partir de Tipo de ítem Koha
        Monografías: Libros y Folletos General General En catalogación 28.05.2010 LF1   972.86 S333f 19244-10 25.06.2020 25.06.2020 Préstamo en sala

Powered by Koha